<?xml version="1.0" encoding="UTF-8"?>
<collection xmlns="http://www.loc.gov/MARC21/slim">
 <record>
  <leader>01376nam a2200193Ia 4500</leader>
  <controlfield tag="001">CTU_232787</controlfield>
  <controlfield tag="008">210402s9999    xx            000 0 und d</controlfield>
  <datafield tag="082" ind1=" " ind2=" ">
   <subfield code="a">005.73</subfield>
  </datafield>
  <datafield tag="082" ind1=" " ind2=" ">
   <subfield code="b">F929</subfield>
  </datafield>
  <datafield tag="100" ind1=" " ind2=" ">
   <subfield code="a">Froidevaux, Christine</subfield>
  </datafield>
  <datafield tag="245" ind1=" " ind2="0">
   <subfield code="a">Types de données et algorithmes</subfield>
  </datafield>
  <datafield tag="245" ind1=" " ind2="0">
   <subfield code="c">Christine Froidevaux, Marie-Claude Gaudel,Michèle Soria</subfield>
  </datafield>
  <datafield tag="260" ind1=" " ind2=" ">
   <subfield code="a">Paris</subfield>
  </datafield>
  <datafield tag="260" ind1=" " ind2=" ">
   <subfield code="b">Ediscience</subfield>
  </datafield>
  <datafield tag="260" ind1=" " ind2=" ">
   <subfield code="c">1994</subfield>
  </datafield>
  <datafield tag="520" ind1=" " ind2=" ">
   <subfield code="a">L'étude des types de données et des algorithmes fondamentaux de l'informatique constitue l'un des enseignements de base en informatique. Ce livre résulte de plusieurs années d'expérience didactique sur le sujet. Il présente les types de données et les algorithmes usuels, dont la connaissance est indispensable à tout informaticien, en développant de façon accessible les résultats récents dans ce domaine. Le langage utilisé pour écrire les algorithmes est Pascal. Ce livre introduit les fondements de l'analyse de la complexité des algorithmes et la notion de type abstrait. Il présente divers types de données et montre comment le choix de tel ou tel type influe sur la réalisation d'un algorithme et ses performances.</subfield>
  </datafield>
  <datafield tag="650" ind1=" " ind2=" ">
   <subfield code="a">Dữ liệu trừu tượng (Khoa học máy tính),Abstract data types (Computer science)</subfield>
  </datafield>
  <datafield tag="910" ind1=" " ind2=" ">
   <subfield code="b">dqhieu</subfield>
  </datafield>
  <datafield tag="980" ind1=" " ind2=" ">
   <subfield code="a">Trung tâm Học liệu Trường Đại học Cần Thơ</subfield>
  </datafield>
 </record>
</collection>
